000 00244nam a2200109Ia 4500
005 20251222114406.0
008 251222s1900||||xx |||||||||||||| ||spa||
082 _aDVD0060/H48/2006
245 0 _aNacho libre
264 _bHess, Jared
942 _cDVD
999 _c1836
_d1836